000 00489nam a2200169 4500
005 20260109141538.0
008 260109b |||||||| |||| 00| 0 eng d
020 _a978-93-5489-389-6
041 _aEnglish
082 _aX 158.1 JOR
_bB12152
100 _aJorgenson, Eric
_9216276
245 _aThe Almanack of Naval Ravikant
_b: A guide to wealth and happiness
260 _aHaryana
_bHarperCollins publishers
_c2021
300 _a241p.
_bpb
365 _aRupaye
_b264
_cINR
942 _cBK
999 _c369821
_d369821